| 000 | 00552na a2200205 4500 | ||
|---|---|---|---|
| 001 | 17358 | ||
| 003 | MIRAKIL | ||
| 005 | 20181213155031.0 | ||
| 008 | 161024b tu 000 0 | ||
| 040 |
_aMilas _btur _cTR-AnCHP |
||
| 041 | _atur | ||
| 082 |
_a345.02632 _bT96 2004 |
||
| 090 | _a345.02632 T96 2004 | ||
| 245 | _aTürk Ceza Kanunu | ||
| 260 |
_aİstanbul _bYeni Gün Haber Ajansı _c2004 |
||
| 300 |
_a126 s. _c18 sm. |
||
| 650 |
_aCeza hukuku _xKanunlar _zTürkiye |
||
| 651 |
_aTürkiye _xTürk Ceza Kanunu (TCK), 2004 |
||
| 942 |
_2ddc _cBKS |
||
| 999 |
_c5232 _d5232 |
||